[Event "EU-ch 9th"]
[Site "Plovdiv"]
[Date "2008.04.24"]
[Round "4"]
[White "Kozul, Zdenko"]
[Black "Tiviakov, Sergei"]
[Result "0-1"]
[WhiteElo "2583"]
[BlackElo "2635"]
[Annotator "Tiviakov,S"]
[PlyCount "88"]
[EventDate "2008.04.21"]
[EventType "swiss"]
[EventRounds "11"]
[EventCountry "BUL"]
[SourceTitle "CBM 124"]
[Source "ChessBase"]
[SourceDate "2008.05.28"]
[SourceVersion "1"]
[SourceVersionDate "2008.05.28"]
[SourceQuality "1"]

{This game from the European Individual Championship in Plovdiv is quite
typical for my tournament here. I was playing simple chess, without much
problem equalising with Black (only in 1 game out of 5 did I stand slightly
worse - against Kurnosov in the Scandinavian Defence) and winning with White 
(5.5 out of 6). Due to the terrible playing conditions my aim was to play as
quickly as possible (not to become tired at the board thinking) making normal
moves and not looking for the best moves in the positions. Playing pure
practical chess! And it worked out excellently.  Diese Partie von der
europäischen Einzelmeisterschaft in Plovdiv ist ganz typisch für mein Turnier
hier. Ich spielte einfaches Schach, mit Schwarz ohne große Probleme
ausgleichend (nur in einer Partie aus fünf stand ich leicht schlechter - gegen
Kurnosov in der skandinavischen Verteidigung) und mit Weiß gewinnend (5,5 aus
6). Aufgrund der schrecklichen Spielbedingungen war es mein Ziel, so schnell
wie möglich zu ziehen (um nicht durch Nachdenken am Brett zu ermüden) und
dabei normale Züge zu machen und nicht nach der besten Fortsetzung in der
Stellung zu suchen. Rein praktisches Schach also! Und es funktionierte
hervorragend.} 1. Nf3 Nf6 2. c4 b6 3. Nc3 Bb7 4. d4 e6 5. a3 g6 {[Although I
have been playing this move quite often recently it came as a surprise for my
opponent who started thinking a lot after it. And made a move which sets not
even a single problem for Black to solve - 6.Bf4] [Obwohl ich diesen Zug in
letzter Zeit recht häufig gespielt hatte, kam er überraschend für meinen
Gegner, welcher darauf in langes Nachdenken verfiel. Und schließlich einen Zug
machte, der Schwarz vor nicht das geringste Problem stellt - 6.Bf4]} 6. Bf4 (6.
Qd3 d5 7. cxd5 exd5 8. Bg5 Be7 9. g3 O-O 10. Bg2 Ne4 11. Bxe7 Qxe7 12. O-O Nd7
13. e3 a5 14. Qc2 f5 15. Rac1 c6 16. Rfe1 Rf7 17. Nd2 Re8 18. f3 Nxd2 19. Qxd2
Qg5 20. Nd1 Qf6 21. Nf2 c5 22. dxc5 Nxc5 23. Rcd1 Kg7 24. f4 Rfe7 25. g4 h6 26.
gxf5 gxf5 27. b4 axb4 28. axb4 Ne6 29. Nh1 Kh7 {1/2-1/2 Vorobiov,E-Tiviakov,S/
Moscow 2008/The Week in Chess 692 (29)}) (6. Bg5 h6 7. Bh4 Bg7 8. e3 d6 9. d5
Qe7 10. dxe6 Qxe6 11. Be2 O-O 12. Nd4 Qc8 13. Bxf6 Bxf6 {1/2-1/2 Greenfeld,
A-Tiviakov,S/Kolkata 2007 (13)}) (6. Qc2 {is the most common move leading to
very sharp play after ist der geläufigste Zug, der zu messerscharfem Spiel
führt nach} Bxf3 {followed by ...Nb8-c6. Obviously, my opponent was not ready
for the resulting sharp play there. nebst ...Nb8-c6. Offensichtlich war mein
Gegner zu dem sich dort ergebenden scharfen Kampf nicht bereit.}) 6... Bg7 7.
e3 O-O 8. h3 (8. Bd3 $5 {, followed by e4, is more promising for White than
the text.}) 8... d6 9. Be2 Nbd7 10. O-O Ne4 $11 ({Last year I was playing the
more complex} 10... Re8 {, keeping more pieces on board. In this tournament I
was playing simpler chess, exchanging the pair of knights.} 11. Qc2 e5 12. dxe5
dxe5 $11 {the position is equal.} 13. Bg3 e4 14. Nd2 a6 15. Rfd1 h6 16. Rab1
Rc8 17. b4 Qe7 18. c5 bxc5 19. Nc4 cxb4 20. axb4 Nb8 21. Na5 Ba8 22. Na4 Nd5
23. Qc4 Rcd8 24. Rdc1 Be5 25. Bxe5 Qxe5 26. Nc3 Nb6 27. Qb3 Rd2 28. Bf1 Red8
29. Rd1 Rxd1 30. Nxd1 Nc6 31. Nc4 Qe6 32. Nc3 Nd5 33. Nxd5 Qxd5 34. Qc3 Rb8 35.
Nd2 Qe5 36. Qxe5 Nxe5 37. Bxa6 Bd5 38. Be2 c6 39. b5 cxb5 40. Rxb5 Rxb5 41.
Bxb5 {1/2-1/2 Tjiam,D-Tiviakov,S/Groningen 2007 (41)}) 11. Nxe4 Bxe4 12. Bh2
Qe7 13. Nd2 $146 {This move is new. Although not changing the evaluation of
the position as equal. Dieser Zug ist neu. Allerdings ändert er nichts an der
Bewertung der Stellung - ausgeglichen.} (13. Qa4 e5 14. Nd2 Bb7 15. Bf3 {
1/2-1/2 Soppe,G-Sunye Neto,J/Buenos Aires 1991/EXT 2000 (15)}) (13. b4 e5 14.
Rc1 a5 15. Nd2 {1/2-1/2 Goormachtigh,J-Janssen,R/Sas van Gent 1998/EXT 1999 
(15)}) (13. Rc1 Rfd8 14. b4 c5 15. Qb3 a5 16. Rfd1 axb4 17. axb4 Ra7 18. dxc5 {
1/2-1/2 Bischoff,K-Langrock,H/Bad Zwesten 2004/CBM 098 ext (18)}) 13... Bb7 14.
Bf3 Bxf3 15. Qxf3 ({Or Oder} 15. Nxf3 e5 $11 {with equal play. mit gleichem
Spiel.}) 15... e5 16. Qc6 $6 {Played too optimistically. White should have
played carefully for a draw. Here risky play for a win is punished severely,
White gets a worse position. Zu optimistisch. Weiß hätte vorsichtig das Remis
anvisieren sollen. Das Spielen auf Sieg wird hier drastisch bestraft, Weiß
landet in einer schlechteren Stellung.} (16. Rae1 $142 $11) ({or oder} 16. dxe5
$142 Nxe5 $11 {with equal chances should have been played. mit gleichen
Chancen hätte gespielt werden sollen.}) (16. d5 $6 e4 $15 {is slighlty better
for Black. The pawn on b2 is much more important than the black central pawn!
ist leicht besser für Schwarz. Der Bauer auf b2 ist wesentlich wichtiger als
der schwarze Zentralbauer!}) 16... exd4 17. exd4 Bxd4 18. Qxc7 Bxb2 ({or oder} 
18... Rfc8 $15 {with a plus, similar to the game mit einem Plus ähnlich wie in
der Partie.}) 19. Ra2 ({After both Sowohl nach} 19. Bxd6 Qd8 $15) ({and als
auch nach} 19. Rae1 Qd8 20. Qxd6 Nc5 $15 {Black is slightly better due to the
pawn weaknesses on a3 and c4. steht Schwarz leicht besser aufgrund der
Bauernschwächen auf a3 und c4.}) 19... Rfc8 20. Qb7 ({White's desire to keep
the queens on board is understandable, but here it was better to exchange the
queens. Der Wunsch von Weiß, die Damen auf dem Brett zu behalten, ist
verständlich, hier aber war es besser zu tauschen.} 20. Qxd6 $142 Qxd6 21. Bxd6
$15 {with only a slightly worse ending, with good drawing chances. mit einem
nur leicht schlechteren Endspiel, mit guten Remischancen.}) 20... Bf6 $6 ({
Played without much thinking. I saw that after the text I get a better
position with good winning prospects. But I failed to calculate the main
variation to the end. After Ohne großes Nachdenken gespielt. Ich sah, dass ich
nach dem Textzug eine bessere Stellung mit guten Gewinnaussichten erhalte.
Aber ich versäumte es, die Hauptvariante bis zum Ende durchzurechnen. Nach} 
20... Be5 $1 21. Bxe5 dxe5 22. Ne4 Kf8 $1 $17 {(as the Fritz analysis module
indicates) followed by Nd7-c5, Black keeps his extra pawn. (wie das
Fritz-Analysemodul anzeigt) nebst Nd7-c5 behält Schwarz seinen Mehrbauern.})
21. Ne4 Nc5 22. Nxf6+ Qxf6 23. Qd5 Re8 {Black must take the e-file and stop
thinking about defending the d6 pawn.  Schwarz muss die e-Linie besetzen und
darf nicht länger an die Verteidigung des d6-Bauern denken.} 24. Re2 $1 {
Excellent defensive resource! It almost got White out of trouble...
Ausgezeichnete Verteidigungsressource! Damit hätte sich Weiß fast aller Sorgen
entledigt...} ({Both Sowohl} 24. Qxd6 Qxd6 25. Bxd6 Rac8 $15) ({and als auch} 
24. Bxd6 Rad8 $17 {are good for Black sind gut für Schwarz.}) 24... Rad8 $6 ({
A serious mistake giving away almost all the advantage. I failed to notice
that after Ein ernster Fehler, der fast den ganzen Vorteil verschenkt. Mir
entging, dass nach} 24... Rxe2 25. Qxa8+ Kg7 $17 {White cannot take the pawn
on a7 by Weiß nicht den Bauern auf a7 nehmen kann, denn auf} 26. Qxa7 $2 {
because the queen is suddenly trapped after ist plötzlich die Dame gefangen
nach} Qd8 $3 $19 {nebst Re2-e7.}) 25. Qxd6 $6 {Played too beautifully. This
move allows Black to bring his king into the centre and then to the queen's
side where it would defend the pawns a7 and b6 with decisive effect. Zu schön
gespielt. Dieser Zug erlaubt Schwarz, seinen König ins Zentrum und dann zum
Damenflügel zu bringen, wo er mit entscheidender Wirkung die Bauern a7 und b6
verteidigen könnte.} ({After the simple Nach dem einfachen} 25. Rxe8+ Rxe8 26.
Qxd6 (26. Bxd6 Rd8 27. Rd1 Qe6 $15) 26... Qc3 $15 {White would have kept good
drawing chances. hätte Weiß gute Remischancen gewahrt.} (26... Qxd6 27. Bxd6
Rc8 $15)) 25... Qxd6 26. Rxe8+ Qf8 $1 {Simple but very strong!  Einfach, aber
sehr stark!} 27. Rxf8+ Kxf8 {Now because of the weaknesses on a3 and c4, White
faces a very difficult task to save the game.  Aufgrund der Schwächen auf a3
und c4 steht Weiß nun bei der Rettung der Partie vor einer sehr schwierigen
Aufgabe.} 28. Be5 Ke7 29. a4 $6 $138 {Mistake in time-trouble. White is aiming
to exchange one weak pawn. Unfortunately for him the pawn can be fixed one
move later where it will become an easy target for the black pieces. Fehler in
Zeitnot. Weiß will unbedingt einen schwachen Bauern abtauschen. Zu seinem Pech
kann dieser Bauer einen Zug später so festgelegt werden, dass er zu einer
leichten Zielscheibe für die schwarzen Figurrn wird.} Ke6 $5 ({I was reluctant
to put my pawn on f6 where it can attacked by the white bishop, although Fritz
likes Es widerstrebte mir, meinen Bauenr nach f6 zu stellen, wo er vom weißen
Läufer angegriffen werden kann; nichtsdestoweniger gefällt Fritz} 29... f6 $17)
30. Bc3 ({After Nach} 30. Re1 Nd3 31. Bc7+ Nxe1 32. Bxd8 Nd3 $17 {Black gets a
winning ending erhält Schwarz ein gewonnenes Endspiel.}) 30... a5 $5 ({It was
also possible to take the pawn on a4 by Möglich war auch das Schlagen des
Bauern mit} 30... Nxa4 31. Re1+ Kd7 32. Bf6 Ra8 $1 $17 {with a winning
position mit Gewinnstellung.}) 31. Re1+ Kd7 32. g4 ({After Nach} 32. Ra1 Kc6
$17 {the pawns a4 and c4 will sooner or later fall. They cannot be defended by
the bishop. fallen früher oder später die Bauern a4 und c4. Sie können vom
Läufer nicht verteidigt werden.}) 32... Nxa4 33. Bf6 Re8 34. Rd1+ Kc6 $19 {
The rest of the game is very simple. White was just playing until the end of
the time-trouble and then he resigned.  Der Rest der Partie ist sehr einfach.
Weiß spielte nur noch bis zum Ende der Zeitnot weiter, und dann gab er auf.}
35. Kg2 Nc5 36. Kf3 Nd7 37. Ba1 Ne5+ 38. Kf4 ({After Nach} 38. Bxe5 Rxe5 {
the passed pawn a5 decides. entscheidet der Freibauer a5.}) 38... Nxc4 39. Kg5
Re2 40. Rd4 Nd6 41. Rf4 (41. f3 b5 $19) 41... Rxf2 $1 42. Be5 Rxf4 43. Bxf4
Ne4+ 44. Kh6 Nf2 {This game in the 4th round brought me into the leading group
of the tournament where I stayed the whole tournament. Diese Partie der
vierten Runde brachte mich in die Spitzengruppe des Turniers, in der ich bis
zum Ende verblieb.} 0-1

[Event "Valle d'Aosta op 8th"]
[Site "Saint Vincent"]
[Date "2000.02.14"]
[Round "3"]
[White "Braga, Fernando Alberto"]
[Black "Tiviakov, Sergei"]
[Result "0-1"]
[WhiteElo "2449"]
[BlackElo "2567"]
[Annotator "Tiviakov,S"]
[PlyCount "73"]
[EventDate "2000.02.12"]
[EventType "tourn"]
[EventRounds "9"]
[EventCountry "ITA"]
[SourceTitle "CBM 074 Extra"]
[Source "ChessBase"]
[SourceDate "2000.03.10"]
[SourceVersion "2"]
[SourceVersionDate "2000.03.10"]
[SourceQuality "1"]

{[%mdl 8]} 1. Nf3 Nf6 2. c4 b6 3. Nc3 Bb7 4. d4 e6 5. a3 d5 6. cxd5 Nxd5 7. e3
Be7 8. Bb5+ c6 9. Bd3 Nxc3 10. bxc3 O-O 11. O-O c5 12. e4 Nd7 13. Qe2 Qc7 14.
h4 (14. a4) (14. Bd2) (14. Bb2) (14. Be3) (14. Ng5) (14. e5) (14. Rd1) (14. Re1
) 14... cxd4 $1 $146 (14... e5 15. d5 c4 16. Bxc4 $5 $14 (16. Bc2 {(1/2-1/2
Gelfand,B-Psakhis,L/Tel Aviv 1999)} Nc5 $132 {><d3, b3})) (14... c4 15. Bc2 (
15. Bxc4 $6 Bxe4 $15) 15... e5 16. a4 $14 (16. d5 {- 14...e5 15.d5 c4 16.Bc2})
(16. h5 $5 $14)) 15. cxd4 e5 16. Bb2 (16. h5 $5 exd4 17. h6 $44) (16. d5 Nc5
$132) 16... exd4 17. Rac1 (17. Nxd4 Bf6 (17... Bxh4 $5 18. Rac1 $44 {/\Nf5} (
18. Nf5 Bf6 $15)) 18. Rac1 Nc5 {- 17.Rac1 Nc5 18.Nd4 Bf6}) 17... Nc5 18. Nxd4
Bf6 (18... Bxh4 $2 19. Nf5) 19. Nf5 Bxb2 20. Qxb2 f6 $11 21. f3 Kh8 (21... Rad8
) 22. Bc4 Rad8 23. h5 $2 {[><h5]} (23. Qf2 $142 $11) 23... Bc8 $1 24. Ne3 (24.
h6 Bxf5 25. hxg7+ (25. exf5 gxh6 $17) 25... Qxg7 26. exf5 Qg5 $15) 24... Qf4
25. Nd5 Qg5 26. Rcd1 $1 (26. Rfd1 $2 Qxh5 27. Nxf6 $140 Rxd1+ 28. Rxd1 gxf6 29.
Rd8 Qh6 $19) 26... Bd7 $1 (26... Qxh5 $2 27. Nxf6 $1 $14) 27. g4 $8 {[׻]} Ba4
$1 (27... Bc6 28. Qd2 $1 Qe5 29. Qh2 $11 (29. Qf4 $4 Rxd5 $19)) 28. Rde1 (28.
Rd2 $142 Bc6 $15) 28... Bc6 29. Qg2 {[/\f4]} Qe5 $17 30. Rd1 $138 (30. Rc1 $5)
30... Na4 {[/\Nc3, /\b5]} 31. Rfe1 (31. Rd2 Nc3 $17) (31. f4 Qd6 $17) 31... Nc3
32. Rc1 (32. f4 Qd6 33. Nxc3 Qc5+ $17 {/\Qc4}) (32. Nxc3 Qxc3 $19 {><a3}) 32...
Bxd5 33. Bxd5 $8 (33. exd5 Qd4+ $19) 33... Nxd5 (33... b5 $5) 34. exd5 Qxd5 35.
Rc7 Rd7 36. Re7 $4 (36. Rxd7 Qxd7 $19) 36... Rxe7 37. Rxe7 {[37...Qc5-+]} 0-1

[Event "Presidents Cup "]
[Site "Elista"]
[Date "1998.05.12"]
[Round "2.4"]
[White "Gelfand, Boris"]
[Black "Tiviakov, Sergei"]
[Result "0-1"]
[WhiteElo "2675"]
[BlackElo "2640"]
[Annotator "Tiviakov,S"]
[PlyCount "104"]
[EventDate "1998.05.07"]
[EventType "k.o."]
[EventRounds "6"]
[EventCountry "RUS"]
[SourceTitle "CBM 065"]
[Source "ChessBase"]
[SourceDate "1998.08.06"]
[SourceVersion "1"]
[SourceVersionDate "1998.08.06"]
[SourceQuality "1"]

1. Nf3 Nf6 2. c4 b6 3. Nc3 Bb7 4. d4 e6 5. a3 d5 6. Bg5 Be7 7. Qa4+ Bc6 8. Qc2
dxc4 9. e3 b5 10. Bxf6 $5 $146 (10. a4) (10. Ne5) 10... gxf6 $6 (10... Bxf6
$142 11. a4 a6 $5 (11... b4 12. Ne4 $14) (11... bxa4 12. Bxc4 $14) 12. axb5
axb5 13. Rxa8 Bxa8 14. Nxb5 c5 (14... Bxf3 $5 15. gxf3 c5) 15. dxc5 (15. Bxc4
$6 Bxf3 16. gxf3 cxd4) (15. Qxc4 Bxf3 16. gxf3 (16. Qxc5 $2 Qa5+) 16... cxd4
17. Nxd4 O-O $44 (17... Bxd4 $5 $13)) 15... Qa5+ 16. Nc3 Bxf3 $5 (16... Qxc5)
17. gxf3 Qxc5 $44) 11. d5 $3 (11. a4 b4 {- 10.a4 b4 11.Bf6 gf...}) 11... Bxd5
$6 (11... exd5 $142 12. O-O-O $44 {|^ /\13.Nd5 Bd5 14.e4, /\13.e4, /\13.Nd4;
עe8, ה, ׻}) 12. O-O-O $1 {-> [עe8, ׻]} (12. Nxb5 $6 c6 (12... f5 $2 13.
Bxc4 c6 14. Bxd5) 13. Nc3 (13. Nbd4 Qa5+ $5) 13... f5 $13) 12... Nd7 $8 (12...
c6 13. e4 $18) (12... f5 13. Nxd5 exd5 14. Qxf5 $18) 13. Nxd5 exd5 14. e4 (14.
Rxd5 $5 c6 15. Rh5 {><h7}) 14... Nb6 (14... dxe4 15. Qxe4 $16 {-> עe8}) (14...
O-O $5) (14... Kf8 $5 15. Rxd5 $140 (15. exd5 $140 Nc5) 15... c6) 15. exd5 Qd7
16. Nd4 O-O-O (16... Nxd5 17. Nxb5 Qxb5 18. Bxc4 $18) (16... Qxd5 17. Nf5 $18 {
->}) 17. Nc6 Rde8 $8 18. g3 $1 (18. Nxa7+ Kb7 19. Nc6 Nxd5 $13) 18... a6 (18...
Kb7 $5 19. Bg2 $16) 19. h4 (19. Bg2 $5 $16 Bd6 $140 $2 20. h4 $18 {/\Bh3})
19... Kb7 20. Bg2 $16 Qd6 $8 (20... Bd6 21. Bh3 $18) (20... Bc5 21. d6 $18) 21.
Nd4 $2 (21. Rhe1 $16) 21... Ka7 22. Rhe1 $6 (22. Qc3 Na4 23. Qa5 Qb6 $8 24.
Nxb5+ $1 (24. Nc6+ Kb7 25. d6 Bxd6 $8) 24... Kb8 (24... Qxb5 25. Qxc7+ Qb7 $8
26. Qxb7+ Kxb7 27. d6+ $16) 25. Qxb6+ (25. Qxa4 axb5 $13) 25... cxb6 $16 (25...
Nxb6 $16)) 22... Na4 $1 $132 23. Nc6+ Kb6 24. Qd2 c3 $8 25. Qd4+ $2 (25. Qe3+
$142 Qc5 26. Nxe7 Nxb2 (26... cxb2+ 27. Kd2 $16 {[]}) 27. Qxc5+ Kxc5 $14) 25...
Qc5 26. b4 $8 (26. Nxe7 cxb2+ 27. Kb1 $8 Nc3+ 28. Kxb2 Nxd1+ 29. Qxd1 (29. Rxd1
Qxd4+ 30. Rxd4 Rxe7 $19) 29... Rxe7 $19 30. Rxe7 Qxe7 31. Qd4+ Ka5 $8 32. Qc3+
$140 b4 $19) 26... Qxd4 27. Nxd4 $2 (27. Rxd4 $8 Bd6 $15) 27... Bd6 $2 (27...
Nb2 $19) 28. Rxe8 Rxe8 29. Kc2 Nb2 30. Ra1 Na4 31. Rd1 Kb7 32. Bf3 Re5 $15 {
[/\f5-f4]} 33. Bg4 $4 Nb2 34. Rb1 Re4 $19 35. Bf5 Rxd4 36. Kxc3 Be5 37. Rxb2
Rf4+ 38. Kd3 Rxf5 39. Ra2 Bd6 40. Kd4 Rf3 41. Ke4 Rb3 42. Kf5 Be5 43. f4 Bb2
44. g4 Kc8 45. h5 Kd7 46. h6 Ke7 47. a4 Rxb4 48. axb5 axb5 49. Ra7 Kd7 50. Ra8
Rc4 51. Rg8 Bc1 52. Kxf6 Rxf4+ 0-1